| 000 | 00894cam a22003254a 4500 | ||
|---|---|---|---|
| 001 | 87077 | ||
| 003 | DO-SdBNP | ||
| 005 | 20231121122804.0 | ||
| 007 | 87077 | ||
| 008 | 091022s2009 sp 000 1 spa | ||
| 010 | _a | ||
| 020 | _a9788420422756 | ||
| 035 | _a | ||
| 040 |
_aBPMSU _bspa _c BPMSU |
||
| 050 | 0 | 0 |
_a _b |
| 082 | 4 |
_a863.6 _bC845c 2009 _222 |
|
| 100 | 1 |
_aCotrina, José Antonio, _d1972- |
|
| 240 | 1 | 0 | _aEl ciclo de la luna roja |
| 245 | 1 | 3 |
_aLa cosecha de Samhein / _cJosé Antonio Cotrina. |
| 250 | _a | ||
| 260 |
_aMadrid : _bAlfaguara, _c2009. |
||
| 300 |
_a429 p. ; _c23 cm. |
||
| 500 | _a Incluye datos biográficos del autor en la solapa de la cubierta | ||
| 590 | _aInventariado, 2023/VM | ||
| 650 | 4 | _aNovela española. | |
| 650 | 4 | _aNovela fantástica | |
| 650 | 4 |
_aVampiros _vNovela |
|
| 910 | _aVMateo V. Control de calidad. BPMSU | ||
| 942 |
_2ddc _cBK |
||
| 999 |
_c10149 _d10149 |
||